| 000 | 00979nas a2200337 4500 | ||
|---|---|---|---|
| 001 | BR2016003664 | ||
| 003 | BR-BrBNA | ||
| 005 | 20231205130553.0 | ||
| 007 | ta | ||
| 008 | 230509b bl.|||p| |||| 00| 00por d | ||
| 040 |
_aBR-BrBNA _bpor _cBiblioteca Nacional de Agricultura |
||
| 041 | _a(Pt) | ||
| 072 | _aF03 | ||
| 100 | 1 | _aArmondes, K.A.P. | |
| 100 | 1 | _aDias, D.C.F.S. | |
| 100 | 1 | _aMartínez, P.A.H. | |
| 100 | 1 | _aSilva, L. | |
| 100 | 1 | _aHilst, P.C. | |
| 245 | 1 | _aCondicionamento osmótico e desempenho de sementes de repolho com diferentes níveis de vigor | |
| 650 | _aREPOLHO | ||
| 650 | _aSEMENTE | ||
| 650 | _aCRESCIMENTO | ||
| 650 | _aEMBEBIÇÃO | ||
| 650 | _aACONDICIONAMENTO | ||
| 650 | _aTESTE DE VIGOR | ||
| 650 | _aGERMINAÇÃO | ||
| 650 | _aSECAGEM | ||
| 773 | 0 |
_tHorticultura Brasileira (Brazil) _xISSN 0102-0536 _g(Jul-Sep 2016), v. 34(3) p. 428-434 _wBR2016003664 |
|
| 909 |
_a202311 _bLúcia _c55 _dLúcia Elande |
||
| 942 |
_2AGRIS _n0 _cANA |
||
| 999 |
_c250156 _d250156 |
||